Possessing the knowledge to tackle arrears (Record no. 75135)

MARC details
000 -LEADER
fixed length control field 01073cab a2200205 4500
001 - CONTROL NUMBER
control field L129507
008 - FIXED-LENGTH DATA ELEMENTS--GENERAL INFORMATION
fixed length control field 050426n2005 000 0 eng u
035 ## - SYSTEM CONTROL NUMBER
System control number (Sirsi) u129507
041 ## - LANGUAGE CODE
Language code of text/sound track or separate title eng
100 ## - MAIN ENTRY--PERSONAL NAME
Personal name Jolly, Peter
245 ## - TITLE STATEMENT
Title Possessing the knowledge to tackle arrears
260 ## - PUBLICATION, DISTRIBUTION, ETC.
Date of publication, distribution, etc. 2005
490 ## - SERIES STATEMENT
Series statement Law Society's Gazette
Volume/sequential designation 102 (15) 14 April 2005, 36(1)
520 ## - SUMMARY, ETC.
Summary, etc. Examines some reasons why residential property landlords experience delay in obtaining an order for possession. Looks at the pitfalls surrounding the correct serving of the written possession notice for assured shorthold tenancies under the Housing Act 1988 s21 and at possible problems surrounding the procedures under the Housing Act 1985 and the 1988 Act for terminating assured shortholds for non-payment of rent.
590 ## - LOCAL NOTE (RLIN)
Local note IKA290405
650 ## - SUBJECT ADDED ENTRY--TOPICAL TERM
Topical term or geographic name entry element HOUSING ACT 1988 S21
650 ## - SUBJECT ADDED ENTRY--TOPICAL TERM
Topical term or geographic name entry element HOUSING ACT 1985
690 ## - LOCAL SUBJECT ADDED ENTRY--TOPICAL TERM (OCLC, RLIN)
Topical term or geographic name as entry element PROPERTY-RESIDENTIAL PROPERTY-LEASEHOLD RESIDENTIAL PROPERTY-RESIDENTIAL LANDLORD AND TENANT-RESIDENTIAL TENANCIES-FORFEITURE OF RESIDENTIAL TENANCIES
942 ## - ADDED ENTRY ELEMENTS (KOHA)
Suppress in OPAC 0
Holdings
Withdrawn status Lost status Source of classification or shelving scheme Damaged status Not for loan Home library Current library Shelving location Date acquired Total Checkouts Full call number Barcode Date last seen Copy number Price effective from Koha item type
    Dewey Decimal Classification     London London Journal article 26/04/2005   L129507 129507-1001 06/08/2019 1 06/08/2019 Journal article